[Event "Moscow Tal Memorial 3rd"]
[Site "Moscow"]
[Date "2008.08.20"]
[Round "3"]
[White "Morozevich, Alexander"]
[Black "Kramnik, Vladimir"]
[Result "1-0"]
[WhiteElo "2788"]
[BlackElo "2788"]
[Annotator "Krasenkow,M"]
[PlyCount "61"]
[EventDate "2008.08.18"]
[EventType "tourn"]
[EventRounds "9"]
[EventCountry "RUS"]
[EventCategory "20"]
[SourceTitle "CBM 126"]
[Source "ChessBase"]
[SourceDate "2008.10.01"]
[SourceVersion "1"]
[SourceVersionDate "2008.10.01"]
[SourceQuality "1"]

1. d4 d5 2. c4 c6 3. Nc3 Nf6 4. e3 e6 5. Nf3 Nbd7 6. Qc2 Bd6 7. g4 Nxg4 8. Rg1
Nxh2 {This acceptance of the Shabalov-Shirov gambit is absolutely logical and
one may wonder why it is not particularly popular in GMs' practice. As often
happens, the reasons are mostly historical. In 1992, at the dawn of the whole
system, White scored some convincing victories in this line (not at the
highest level, though), after which it was given up for long. Today we are
observing the process of rediscovering and developing it.} 9. Nxh2 Bxh2 10.
Rxg7 Nf8 11. Rg2 Bd6 (11... Bc7 {is another option, which has its merits and
drawbacks.}) 12. e4 (12. Bd2 {is too slow due to} Ng6 $1 (12... Bd7 13. O-O-O
a6 14. e4 Rc8 15. Re1 Be7 16. f4 b5 17. c5 dxe4 18. Nxe4 f5 19. Nd6+ $6 (19.
Be2 $1 fxe4 20. Bh5+ Ng6 21. Qxe4 $40 {Ftacnik}) 19... Bxd6 20. cxd6 Kf7 $13 {
Ftacnik,L 0-1 Garcia Ilundain,D (2420)-Illescas Cordoba,M (2555)/Leon 1992/CBM
031/[Ftacnik] (36)}) (12... h5 $5 13. O-O-O h4 14. f4 Qf6 15. Bd3 Bd7 16. Kb1
Rh5 17. Rh1 $13 {1/2 Rout,I-Shaw,T (2300)/Canberra 1996/CBM 051 ext (48)}) 13.
O-O-O Nh4 14. Rg1 Nf3 15. Rh1 h5 16. Kb1 Qf6 17. Bc1 Bd7 18. Be2 h4 19. Qd3
dxc4 20. Qe4 Ng5 21. Qc2 Qe7 22. f4 Nh7 23. Ne4 Bc7 24. Bxc4 O-O-O $15 {
0-1 Szafraniec,T (2395)-Reschke,H (2455)/ICCF 2002/ICCF Telechess CBM 112 (39)}
) 12... Ng6 $5 $146 {[%mdl 8] This logical move turns out to be a novelty.} (
12... dxe4 {is usually played. White obtains good attacking possibilities after
} 13. Nxe4 (13. Qxe4 $143 Ng6 (13... Bd7 14. c5 Be7 15. Bf4 Ng6 16. Bh2 $40 {
1-0 Dang Bich Ngoc (2192)-Pham Bich,N (2111)/Phu Quoc 2007/CBM 116 ext (26)})
14. Be3 (14. Bg5 Be7 15. Bxe7 Qxe7 16. O-O-O Bd7 {0-1 Schmidt,U (2154)-Pritz,T/
Baden 2003/EXT 2007 (37)}) 14... Qe7 15. O-O-O Bd7 16. f4 O-O-O 17. Re2 $6 f5
18. Qf3 Qh4 {0-1 Moreto Quintana,A-Acosta Garcia,A (2215)/Euskadi 1996/EXT
2001 (36)}) 13... Be7 14. Bh6 (14. Qc3 f5 15. Nd2 Bf6 {1/2 Tripoteau,N (2301)
-Coursaget,N (2318)/St Lorrain 2004/EXT 2005}) 14... f5 (14... Ng6 15. O-O-O
Bd7 16. Bg7 Rg8 17. Be5 Qa5 18. Kb1 O-O-O 19. Nd6+ Bxd6 20. Bxd6 c5 21. dxc5
Ba4 22. b3 Bc6 23. Rh2 $16 {1-0 Johannessen,L (2521)-Leer Salvesen,B (2341)/
Molde 2004/CBM 101 ext (55)}) 15. Nc3 Bd7 (15... Qxd4 16. Bg7 Bf6 17. Bxh8 Bxh8
18. Qe2 $14) 16. O-O-O Qa5 17. d5 $1 O-O-O 18. Qe2 Re8 $2 19. Qe5 Ng6 20. Rxg6
$18 {1-0 Kotsur,P (2572)-Mohandesi,S (2358)/Dubai 2003/CBM 093 ext (31)}) 13.
Bg5 (13. e5 Be7 14. cxd5 exd5 (14... cxd5 15. Nb5) 15. Bd3 {was possible but
White understandably refrained from opening up Black's c8 bishop. Here is a
recent example:} Bh3 16. Rg3 Qd7 17. Be3 $6 (17. Na4 $5) 17... Bg4 18. Kd2 Nxe5
$1 19. dxe5 d4 20. Rag1 dxe3+ 21. Kxe3 h5 22. Ne4 O-O-O 23. Nd6+ Bxd6 24. Rxg4
Bc5+ 25. Ke2 Qxd3+ {0-1 Lichmann,P (2375)-Dzalbo,A (2102)/Herceg Novi MNE 2008/
The Week in Chess 724}) (13. cxd5 exd5 14. e5 Be7 {is the same}) 13... Be7 (
13... f6 $5 14. Be3 Nh4 15. O-O-O $5 Nxg2 16. Bxg2 {is waiting for tests.}) 14.
Bxe7 Qxe7 15. O-O-O dxe4 16. Nxe4 f5 17. Nd2 {[%cal Yc4c5,Yd2c4]} c5 18. dxc5 (
18. Nb3 $5 cxd4 19. Nxd4 Bd7 20. Rg3 O-O-O 21. c5 $44) 18... Bd7 {All this was
played by Vladimir Kramnik very quickly - he certainly followed his home
analysis. Black gives the pawn back but completes his development.} (18... Qxc5
{is more risky. The position is extremely complex: Black will eventually
prepare castling but what will White achieve in the meantime? Apparently, a
paradoxal} 19. Qd3 $5 {is the best option} (19. Nb3 Qc7 (19... Qe5 20. Rg3) 20.
Qc3 e5 (20... Qe5 21. Qb4) 21. c5 Bd7 22. Na5 O-O-O 23. Nc4 $44) {e.g.} 19...
Qe7 (19... Nf4 20. Qc3 e5 $2 21. Re1) (19... Qc7 20. Qh3 {[%cal Rg2g6]} Rf8 (
20... Nf4 21. Qc3 e5 22. Rg3 {[%cal Rd2f3,Rd1e1]}) 21. Nf3 Nf4 22. Qg3 $36) 20.
Qc3 Rg8 21. Rg3 Bd7 22. Bg2 $44) 19. b4 O-O-O (19... a5 $5 20. b5 Qxc5 21. Nb3
Qb4 $13) 20. Rg3 {[%cal Yg3d3,Yd3d6]} e5 {It is easier to play this position
with White Black has a lot of possibilities but it is more difficult to find a
logical plan for him.} (20... Rhg8 $5 {is a possible option} 21. Rd3 $140 Nf4
22. Rd6 Bc6 $13) {The text move is rather weakening but still it is not so bad.
} 21. Rd3 Be6 $4 {[%mdl 8192] But this is a terrible mistake.} (21... e4 22.
Rd6 Ne5 $13) 22. Ra3 $1 {Unexpectedly, Black has no good way to protect his a7
pawn and therefore - his king!} a6 (22... Kb8 23. Qa4 a6 24. c6 {if necessary,
followed by c4-c5, and the a6 pawn falls.}) 23. c6 $1 bxc6 (23... Qxb4 24.
cxb7+ Kc7 (24... Qxb7 25. c5) 25. Rxa6 Rd6 26. Rxd6 Qxd6 27. Qa4 Qc6 28. Qa3 {
with a crushing attack.}) 24. c5 Qg5 (24... Rd4 25. Rxa6 Rxb4 26. Rxc6+ Kd7 27.
Rb6 $18) 25. Rxa6 Kd7 26. Bc4 $1 Bxc4 27. Qxc4 Ne7 28. Kc2 (28. Qf7 {was even
simpler:} Ra8 29. Kb2 $18) 28... Ke8 29. Nf3 Qf6 30. Rd6 $1 Rxd6 31. cxd6 1-0

[Event "Moscow Tal Memorial 3rd"]
[Site "Moscow"]
[Date "2008.08.25"]
[Round "7"]
[White "Gelfand, Boris"]
[Black "Kramnik, Vladimir"]
[Result "1/2-1/2"]
[WhiteElo "2720"]
[BlackElo "2788"]
[Annotator "Krasenkow,M"]
[PlyCount "93"]
[EventDate "2008.08.18"]
[EventType "tourn"]
[EventRounds "9"]
[EventCountry "RUS"]
[EventCategory "20"]
[SourceTitle "CBM 126"]
[Source "ChessBase"]
[SourceDate "2008.10.01"]
[SourceVersion "1"]
[SourceVersionDate "2008.10.01"]
[SourceQuality "1"]

1. d4 d5 2. c4 c6 3. Nf3 Nf6 4. Nc3 e6 5. e3 Nbd7 6. Qc2 Bd6 7. b3 O-O 8. Be2
b6 {One of several reactions to this harmless system.} 9. O-O Bb7 10. Bb2 Qe7
11. Rfd1 Rac8 12. Rac1 Rfd8 13. Qb1 {The most logical arrangement. Practice
has also seen} (13. h3 a6 14. e4 dxe4 15. Nxe4 Bf4 16. Ra1 c5 17. Bd3 Bb8 18.
Re1 cxd4 19. Bxd4 Nh5 $6 20. Neg5 h6 21. Bh7+ Kf8 22. Be4 Ndf6 23. Nh7+ Nxh7
24. Bxb7 Ng5 25. Nxg5 Qxb7 26. Nf3 $14 {1-0 Gurevich,D (2503)-Almeida Saenz,A 
(2400)/Schaumburg 2006/CBM 111 ext (41)}) (13. g3 $5 c5 $6 14. cxd5 Nxd5 15.
Nxd5 Bxd5 16. e4 Bb7 17. d5 Bb8 18. Bc4 Nf8 19. Qc3 f6 20. dxe6 Nxe6 21. Ng5
fxg5 22. Bxe6+ $18 {1-0 Drasko,M (2507)-Lajthajm,B (2464)/Bar 2006/CBM 111 ext
(36)}) 13... a6 (13... h6 14. h3 (14. cxd5 Nxd5 15. Ne4 Bb8 16. Rd2 a5 17. Nc3
Nxc3 18. Bxc3 c5 19. dxc5 Nxc5 20. Rxd8+ Rxd8 21. Bd4 {1/2 Riazantsev,A (2511)
-Galkin,A (2570)/Moscow 2002/CBM 088}) 14... a6 15. Bd3 Bb4 16. e4 Bxc3 17.
Bxc3 dxe4 18. Bxe4 Nxe4 19. Qxe4 Nf6 20. Qe3 Re8 21. Rd3 a5 22. Ne5 Red8 23.
Rcd1 Ba8 24. a4 $14 {1/2 Rustemov,A (2570)-Sapunov,E/St Petersburg 1998/CBM
067 (62)}) (13... c5 $5 14. cxd5 exd5 (14... Nxd5 15. Ne4) 15. Qf5 Qe6 16. Bd3
g6 17. Qg5 Be7 18. Qh6 Bf8 19. Qh4 h6 20. Ne2 Bg7 21. dxc5 bxc5 22. Qa4 Qb6 23.
Bc3 Re8 24. Ba5 Qd6 $13 {0-1 Kiselev,S (2454)-Korotylev,A (2554)/Moscow 2002/
EXT 2003 (40)}) 14. Bf1 (14. a4 c5 15. cxd5 Nxd5 (15... exd5 $5) 16. Ne4 Bb8
17. dxc5 bxc5 18. Ba3 f5 19. Ned2 Nb4 20. e4 f4 21. Nc4 Bc7 22. Ne1 a5 23. Bb2
Ba8 24. f3 Nb8 25. Na3 N8c6 26. Nb5 Bb6 27. Bc4 Nd4 28. Nxd4 cxd4 29. Nd3 Nxd3
30. Qxd3 Kh8 $11 {1-0 Seirawan,Y (2595)-Panno,O (2495)/Buenos Aires 1993/CBM
035 (40)}) 14... h6 15. g3 {Black is well-prepared for e3-e4 but White doesn't
hurry with that move.} Bb8 16. Bg2 b5 {Black starts acting himself; the
position sharpens.} 17. e4 $5 dxc4 (17... b4 18. e5 bxc3 19. exf6 Nxf6 20. Bxc3
$14) 18. e5 (18. bxc4 e5 $1) 18... Ne8 (18... Nd5 $143 19. bxc4 bxc4 (19...
Nxc3 20. Bxc3 c5 21. cxb5) 20. Ne4 $36) 19. bxc4 c5 20. cxb5 $2 {After this
move White's centre collapses.} (20. Ne4 $8 {keeping good chances in a complex
position.}) 20... Bxf3 21. Bxf3 cxd4 22. Ne2 (22. Ne4 Rxc1 23. Qxc1 axb5 $17)
22... Nxe5 23. Bg2 d3 $6 {Quite a typical mistake, by the way. The opposition
of rooks makes it extremely important to find an appropriate moment for the
exchange. That moment is often missed even by top GMs!} (23... Rxc1 $1 24. Bxc1
axb5 25. Qxb5 {and now, say,} Qf6 $1 26. Nxd4 (26. Rxd4 $2 Ba7 27. Rf4 Rd1+ 28.
Bf1 Nf3+ 29. Kg2 Ne1+ 30. Kg1 Qd8 $17) 26... Ba7 27. Be3 Ng4 {White has
recaptured the pawn but the unpleasant pin makes his position difficult.}) 24.
Rxc8 $1 {That's the point! Black loses most of his advantage.} Rxc8 25. Nf4
axb5 26. Nxd3 {White didn't like} (26. Bxe5 Bxe5 27. Nxd3 Bd4 28. Qxb5 Nd6 29.
Qb4 e5 $15 {[%csl Gd4]}) {Boris Gelfand prefers to play a pawn down but with a
bishop pair.} 26... Nc4 27. Ba1 Ned6 28. Nb4 $6 (28. Ne5 $142 $1 {This knight
is not very useful so this exchange was positionally justified.}) 28... Qe8 29.
Qd3 Ba7 30. Qe2 Nf5 31. Qf3 Bb6 32. Nc6 Nce3 $6 {[%mdl 64] This tactical
solution proves insufficient.} (32... Qf8 $17) 33. fxe3 Nxe3 34. Bd4 $1 Bxd4 (
34... Nxd1 35. Bxb6 Nb2 36. Bd4 $13) 35. Rxd4 Nxg2 36. Nb4 Ne1 $6 (36... Rd8
$142 37. Rxd8 Qxd8 38. Nd3 Nh4 $11) 37. Qe2 $1 {GM Vladimir Kramnik later
admitted missing this move.} (37. Qd1 $2 Rc1 $1) 37... Rc1 38. Rd1 {Suddenly
the knight is lost. Fortunately, Black has two pawns and the unsafe position
of White's king deprives him of real winning chances.} Qc8 39. Rxe1 Qc5+ 40.
Kh1 Rc4 41. Nd3 (41. a3 Rc3) 41... Qc6+ 42. Qg2 Qxg2+ 43. Kxg2 Rc2+ 44. Nf2
Rxa2 45. Rb1 f5 46. Rxb5 Kf7 47. h4 $11 {_|_} 1/2-1/2

[Event "Nanjing Pearl Spring 2nd"]
[Site "Nanjing"]
[Date "2009.10.08"]
[Round "9"]
[White "Jakovenko, Dmitrij"]
[Black "Leko, Peter"]
[Result "1/2-1/2"]
[WhiteElo "2742"]
[BlackElo "2762"]
[Annotator "Krasenkow,M"]
[PlyCount "80"]
[EventDate "2009.09.28"]
[EventType "tourn"]
[EventRounds "10"]
[EventCountry "CHN"]
[EventCategory "21"]
[SourceTitle "CBM 133"]
[Source "ChessBase"]
[SourceDate "2009.11.19"]
[SourceVersion "1"]
[SourceVersionDate "2009.11.19"]
[SourceQuality "1"]

1. d4 d5 2. c4 c6 3. Nf3 Nf6 4. Nc3 e6 5. e3 Nbd7 6. Qc2 Bd6 7. g4 h6 8. h3 {
For this line - see my survey in CBM 129 and annotations to Ivanchuk - Leko in
CBM 132.} e5 9. Bd2 (9. cxd5 {was examined in that review (it is curious what
GM Peter Leko had prepared against it) but the text move is quite possible,
too.}) 9... O-O 10. dxe5 {This move was first played by GM Denis Khismatullin
a month earlier.} (10. O-O-O e4 $1 (10... Re8 $143 11. g5 hxg5 12. Nxg5 exd4
13. exd4 Nf8 14. Rg1 b5 15. c5 Bc7 16. Bd3 $36 {1-0 Mamedyarov,S (2717)-Najer,
E (2663)/Mainz 2009/CBM 131 Extra (43)}) 11. Nh4 Re8 12. Nf5 Bf8 13. f3 $6 exf3
14. cxd5 cxd5 15. Bd3 Nb6 16. Rhf1 Be6 17. Rxf3 Rc8 18. Kb1 Ne4 $17 {0-1
Bosiocic,M (2578)-Fressinet,L (2666)/Budva 2009/CBM 130 (33)}) 10... Nxe5 11.
Nxe5 Bxe5 12. O-O-O Qe7 13. Kb1 dxc4 $1 $146 {[%mdl 8]} (13... Rd8 14. cxd5
Nxd5 15. Nxd5 cxd5 16. Bc3 $5 Bxc3 17. Qxc3 Qe4+ 18. Bd3 Qf3 19. Qc2 Be6 20.
Qe2 Qf6 21. Bc2 (21. h4 $5 {[%cal Yg4g5]}) 21... d4 22. Rxd4 Rxd4 23. exd4 Qxd4
24. Rd1 Qb6 25. Qd3 $14 {1/2 Khismatullin,D (2614)-Potkin,V (2606)/Ulan Ude
RUS 2009/The Week in Chess 775 (34)}) (13... Be6 14. f4 Bc7 15. f5 Bd7 16. cxd5
cxd5 17. h4 $5 $36) 14. Bxc4 Bxc3 {A strange decision.} ({The simple} 14... Be6
{gives Black good chances to equalize.}) 15. Bxc3 Be6 16. Bxe6 Qxe6 (16... fxe6
17. f4 Nd5 18. Bd4 $14) 17. Bxf6 Qxf6 18. Rd7 {[%csl Gd7]} Qf3 (18... b6 $5 19.
Rhd1 c5) 19. Rhd1 Qxh3 20. Qf5 $44 {The white pieces are very active but Black
eventually equalizes by giving up his extra pawn.} b6 (20... b5 $5) 21. a3 a5
22. Rc7 b5 $5 23. Rxc6 b4 24. a4 b3 $1 $132 {[%csl Rb1]} 25. Rc3 (25. Rb6 Rab8
26. Rb5 Qg2 $132) 25... Rab8 26. Rdc1 g6 27. Qf4 h5 28. Rc4 (28. gxh5 Qxh5 29.
Rc5 Qe2 $132 30. Rxa5 $4 Rbc8 $19) 28... Qxg4 29. Qxg4 hxg4 30. Rxg4 Rfd8 $11
31. Rg5 Rd2 32. Rxa5 Rxf2 33. Rb5 Ra8 34. Rb4 Re2 35. e4 Kg7 36. Rc3 Re1+ 37.
Rc1 Re3 38. Rc3 Re1+ 39. Rc1 Re3 40. Rc3 Re1+ 1/2-1/2

[Event "Candidates Tournament"]
[Site "Khanty-Mansiysk"]
[Date "2014.03.17"]
[Round "4"]
[White "Mamedyarov, Shakhriyar"]
[Black "Andreikin, Dmitry"]
[Result "1-0"]
[WhiteElo "2757"]
[BlackElo "2709"]
[Annotator "Krasenkow,M"]
[PlyCount "83"]
[EventDate "2014.03.13"]
[EventType "tourn"]
[EventRounds "14"]
[EventCountry "RUS"]
[EventCategory "21"]
[SourceTitle "CBM 160"]
[Source "ChessBase"]
[SourceDate "2014.05.15"]
[SourceVersion "1"]
[SourceVersionDate "2014.05.15"]
[SourceQuality "1"]

1. d4 d5 2. c4 c6 3. Nc3 Nf6 4. e3 a6 5. Nf3 e6 6. a3 Nbd7 7. Qc2 {This move
order has the following underlying reason: White wants to play e3-e4, and
compared to a similar position without a2-a3 a7-a5, Black has no check on b4
later on.} Qc7 {Black steps away from theoretical lines. Common continuations
are:} (7... Bd6 8. e4 {and}) (7... dxc4 8. Bxc4 b5 {[%cal Yc6c5]} ({or
immediately} 8... c5)) 8. e4 dxe4 9. Nxe4 c5 {This continuation, yielding
White a queenside pawn advantage, is not always appropriate in this structure.
I am not sure that it is sufficient for equality in the present position.} 10.
Nxf6+ Nxf6 11. dxc5 a5 (11... Bxc5 12. b4 Bd6 13. Bb2 b6 14. Bd3 Bb7 15. Bxf6
gxf6 16. Be4 $14 {- Black does not have sufficient compensation for the
defects of his pawn structure.}) 12. g3 {Here, too, I would consider} (12. Bg5
{[%cal Yg5f6]} Bxc5 13. Bd3) 12... Bxc5 13. Bg2 O-O 14. O-O e5 15. Bg5 Ra6 16.
Rae1 Re8 {Black has protected everything although the potential weakness of
his light squares remains a serious concern.} 17. Qc3 (17. Bxf6 $5 Rxf6 18. Qc3
{[%cal Yb2b4]}) 17... h6 18. Bxf6 gxf6 {[%mdl 32] White has managed to double
Black's pawns after all but this version is far from ideal as White's pieces
are not prepared to blockade them.} 19. b4 Bf8 20. Nh4 axb4 21. axb4 Be6 $6 {
The bishop was placed quite well on c8.} (21... Rd8 $142 22. Rd1 Rad6 $132) 22.
c5 b6 (22... Rea8 23. Qf3 Ra3 24. Qxb7 Qxb7 25. Bxb7 Rb8 26. c6 Bxb4 {may be
still enough for equality, according to IM M.Notkin.}) 23. c6 {[%csl Gc6] This
pawn becomes an important factor.} Ra4 24. Rb1 Rd8 25. Qf3 Rd4 26. Nf5 (26.
Qxf6 Bg7 27. Qf3 e4 28. Qh5 Qxc6 $11) 26... Rdxb4 27. Rxb4 Rxb4 28. Qh5 {
Black has won a pawn but now White, dominating on the light squares and
combining the attack on Black's compromised king with a threat to push his
c6-pawn, certainly keeps the initiative.} Kh7 (28... e4 $1 {was probably the
right way to hold his ground:} 29. Nxh6+ (29. Rc1 Qe5 $1 30. Bh3 e3 $1) 29...
Bxh6 30. Qxh6 Qxc6 {, although even here after, say,} 31. Qxf6 {Black should
defend quite carefully as his king is unsafe.}) 29. Rd1 {[%cal Rd1d7]} Qc8 30.
Ne3 f5 $6 (30... e4 $142 $1 31. Nd5 Qxc6 32. Nxb4 Bxb4 $14 33. Bh3 $140 Qc5 $1)
31. Bd5 $1 {Eliminating the main defender of Black's position.} (31. g4 $5 fxg4
32. Qxe5 {M.Notkin}) 31... f4 32. Nc2 Ra4 33. Qxe5 Bg7 34. Be4+ $6 {This leads
to unnecessary complications.} (34. Qd6 $142 $16) 34... Kg8 35. Qxf4 f5 $1 36.
c7 Rxe4 37. Rd8+ Kf7 $2 (37... Kh7 $1 {enabled Black to hold on:} 38. Qd6 Qa6
39. Qxe6 Rxe6 40. c8=Q Qxc8 41. Rxc8 {- this ending should end in a draw.}) 38.
Qd6 Qa6 39. Rd7+ $1 {That's the difference! Black's king is under fire.} Kg6 $2
(39... Kg8 $142 40. c8=Q+ Qxc8 41. Rd8+ Qxd8 42. Qxd8+ {but that should be
winning for White in the long run.}) 40. Qc6 Qc8 41. Rd8 Rc4 42. Qxc4 $1 1-0